Quizzes
Events
Quiz Creation
Community
Videos
Private Events
Remove Ads
Sign In
Join for FREE
Feedback
Dark Mode
Quiz Categories
Sports
Geography
Music
Movies
Television
Just For Fun
Miscellaneous
History
Literature
Language
Science
Gaming
Entertainment
Religion
Holiday
For Kids
Quiz Lab
Recent
Popular Today
Quiz Kudos Today
Editor Picks
Curator Picks
Quizzes by...
Day
Popularity
Type
Ratings
Length
Year
Community
Subscriptions
Recent Discussions
Orange Saloon
Badges
Playlists
Quests
Create
Leaderboards
Showdown
Live 5
Trivia Bingo
Activity
Puzzle Library
Sporcle Events
Private Events
Virtual Trivia
Globe League
Become a Host
Pub Owners
SporcleCon
Opinionation
Our Games
Videos
Blog
Mobile Apps
Partnerships
Remove Ads and Go Orange
Feedback
Gaming
Video Games
Board Games
Card Games
Pokémon
Mario
Nintendo
Minecraft
Console
Toys
Legend of Zelda
Gaming
Video Games
Board Games
Card Games
Pokémon
Mario
Nintendo
Minecraft
Console
Toys
Legend of Zelda
Random Quiz
Search Sporcle
×
Curator Pick
Curator Pick
Gaming
Art
Type in answers that appear in a list
Type in answers that appear in a list
Classic
Best Score? Go Orange.
NES Boxart Quiz Stats
Can you name the NES Game by a piece of it's original box art?
By
drchannard
8m
25 Questions
484 Plays
484 Plays
484 Plays
Comments
Comments
Give Quiz Kudos
Give Quiz Kudos
-
- Ratings
hide this ad
Replay
Link that replays current quiz
Next Quiz
Link to next quiz in quiz playlist
You Got
0%
They Got
Avg Score
28%
Avg Friend Score
Upgrade to see
Score Distribution
Jump to the score distribution portion of the page
Score
0/25
Timer
08:00
0
Plays Today
All games are original Nintendo Entertai
% Correct
Row 1
Dr. Mario
97.3%
Row 2
The Legend of Zelda
76.9%
Row 5
Castlevania II Simon's Quest
70.2%
Row 2
Spy Vs Spy
56%
Row 1
Marble Madness
52.7%
Row 2
Gauntlet
47.5%
Row 2
The Simpsons: Bart vs. the Space Mutants
36.4%
Row 3
Ghosts 'N Goblins
35.3%
Row 3
River City Ransom
31.2%
Row 1
Star Tropics
26.7%
Row 2
Bionic Commando
24.4%
Row 4
Mickey Mousecapade
21.1%
Row 5
Jackal
18.2%
All games are original Nintendo Entertai
% Correct
Row 1
Milon's Secret Castle
15.5%
Row 5
Bad Dudes
15.1%
Row 3
Xenophobe
13.8%
Row 5
North and South
13.8%
Row 1
Strider
11.2%
Row 3
Lifeforce
11.2%
Row 4
Tecmo Baseball
11.2%
Row 4
The Adventures of Bayou Billy
9.7%
Row 3
8 Eyes
9.1%
Row 4
Rolling Thunder
7.4%
Row 5
Dusty Diamond's All-Star Softball
6.2%
Row 4
Street Fighter 2010: The Final Fight
5.6%
Quiz Playlist
Details
Report
Send in Message
Add To Playlist
Classic:
Type in answers that appear in a list
Last Updated: Feb 16, 2017
Curator Pick in
Nintendo
Quiz Scoreboard
CHALLENGE
Sign Up to Join the Scoreboard
Show All
Scores
Hide
Comments
May contain spoilers
Recently Published
Billboard Blitz: Fleetwood Mac
by CooCooCachoo
Music
15s
Presidents Visiting Landmarks
by Hejman
History
7m
An Introduction to Baseball
by treessimontrees
Sports
5m
More to Explore
Quiz From the Vault
Featured Blog Post
Where Did the Easter Bunny Come From?
hide this ad
You Might Also Like...
Tags
Art Quiz
Nintendo Quiz
Box
Boxart
nes
NES Games
Nintendo Games
Today's Top Quizzes in Gaming
Browse Gaming
hide this ad
Today's Top Quizzes in Art
Browse Art
Top Contributed Quizzes in Gaming
1
5-to-1: Consoles
2
7-to-1: Board Game Piece Blitz
3
5-to-1: Legend of Zelda
4
Destiny 2 exotic weapons by perk icons
5
League of Legends Pro Players by Career/Team History
6
Ultimate Genshin Impact Logic Puzzle (up to 4.3)
7
Franchise by Action Figure
8
Genshin Impact Logic Puzzle Quiz
9
Who's on the WWE 2K24 Cover?
10
Overwatch Logic Puzzle
Explore More
Trending Topics
Marvel
Anime
Kpop
Disney
NBA
Crossword
Harry Potter
WWE
Song
The Office
NFL
Pokémon
Soccer
Puzzle
Country
hide this ad
More By:
drchannard
Quiz
Plays
Rating
Category
Featured
Created
NES Boxart Quiz
484
3.83
Gaming
Nov 3, 2011
Horror Movie Poster Pieces
301
3.33
Movies
Nov 2, 2011
Go to Creator's Profile
Score Distribution
Quiz Creator Spotlight
drchannard
Follow
Send a Message
Quizzes Created
-
Created Quiz Play Count
-
More By This Creator
Popular Quizzes Today
1
Find the US States - No Outlines Minefield
2
Find the Countries of Europe - No Outlines Minefield
3
The Countries of the World
4
Find the US States
5
US States
6
Risky Map Clicking: Biggest States A-Z
7
Popular People in 1961
8
Movies - When Are They Set?
More Gaming Quizzes
Vowel-less Video Game Franchises II
Editor's Pick
Trending Quizzes
Risky Map Clicking: Least Populous States A-Z
1-10 Letter G Words
1-10 Letter F Words
Risky Map Clicking: Next State Alphabetically
Risky Map Clicking: Biggest States A-Z
Recently Updated
Leaping Animals
pecheneg
Reality TV Shows (A-Z)
bhenderson79
Rickey Henderson's Hall of Fame Teammates
pecheneg
Champions League XIs: Arsenal
pecheneg
Quick Pick: Celebrities in WWE's Hall of Fame
aduchscher
A-Z Keypad Blitz II
pecheneg
Multiple Oscar Actors
pecheneg
Mystery Phrase Blitz: Oscar 'Best Actors'
pecheneg
F. Scott Fitzgerald Novels
LTH
Pick 3 Villains
ddd62291
Trending Topics
Anime
Marvel
Crossword
Disney
NBA
Kpop
Harry Potter
NFL
WWE
Soccer
The Office
Country
Puzzle
Song
Pokémon
Your Account Isn't Verified!
In order to create a playlist on Sporcle, you need to verify the email address you used during registration. Go to your
Sporcle Settings
to finish the process.
Report this User
Report this user for behavior that violates our
Community Guidelines
.
Details:
Send Report
Go to the Sporcle.com Mobile Site →
Comments